Formel 1 Fahrer 2012 - Statistiken

Allgemein
  • Dieses Quiz wurde 295 mal gespielt
  • Das Durchschnittsergebnis liegt bei 15 aus 24
Antwortstatistiken
Teams Drivers % Korrekt
Red Bull Sebastian Vettel
99%
Ferrari Fernando Alonso
98%
McLaren Lewis Hamilton
98%
Red Bull Mark Webber
94%
Mercedes Michael Schumacher
94%
Mercedes Nico Rosberg
91%
McLaren Jenson Button
90%
Lotus Kimi Räikkönen
90%
Ferrari Felipe Massa
88%
Sauber Sergio Pérez
78%
Force India Nico Hülkenberg
76%
Lotus Romain Grosjean
70%
Toro Rosso Daniel Ricciardo
63%
Marussia Rimo Glock
51%
Williams Pastor Maldonado
46%
Sauber Kamui Kobayashi
39%
Force India Paul di Resta
33%
Toro Rosso Jean-Éric Vergne
30%
Williams Bruno Senna
27%
Caterham Heikki Kovalainen
24%
Marussia Charles Pic
22%
Caterham Witali Petrov
20%
HRT Pedro de la Rosa
19%
HRT Narain Karthikeyan
15%
Keine übereinstimmenden Quizze gefunden
Verteilung der Resultate
Anzahl Personen mit jedem Resultat
Perzentil nach korrekt beantworteten Fragen
Ihre Resultats-Entwicklung
Sie haben dieses Quiz noch nicht gespielt